|
|
|
|
| LEADER |
00000naa2a2200000 4500 |
| 001 |
117218 |
| 005 |
20231031123605.0 |
| 035 |
|
|
|a (RuTPU)RU\TPU\book\126869
|
| 090 |
|
|
|a 117218
|
| 100 |
|
|
|a 20070531d2003 k y0rusy50 ca
|
| 101 |
0 |
|
|a rus
|
| 102 |
|
|
|a RU
|
| 200 |
1 |
|
|a Микропроцессорный измеритель толщины гальванического покрытия меди на стали Х18Н10Т
|f А. М. Нестеров, Е. Н. Степаненко
|
| 461 |
|
1 |
|0 (RuTPU)RU\TPU\book\64647
|t Современные техника и технологии
|l Modern Technique and Technologies
|o IX Международная научно-практическая конференция студентов, аспирантов и молодых ученых, г. Томск, 7-11 апреля 2003 г.
|o труды: В 2 т.
|f Томский политехнический университет; отв. ред. А. С. Заворин
|d 2003-
|
| 463 |
|
1 |
|0 (RuTPU)RU\TPU\book\64489
|y 5-98298-037-4
|t Т. 1.
|v С. 97-99
|d 2003
|p 321 с.
|
| 610 |
1 |
|
|a гальванические покрытия
|
| 610 |
1 |
|
|a микропроцессорные измерители
|
| 610 |
1 |
|
|a толщина
|
| 610 |
1 |
|
|a покрытия меди
|
| 610 |
1 |
|
|a стали
|
| 610 |
1 |
|
|a гальванопокрытия
|
| 610 |
1 |
|
|a труды учёных ТПУ
|
| 700 |
|
1 |
|a Нестеров
|b А. М.
|
| 701 |
|
1 |
|a Степаненко
|b Е. Н.
|
| 801 |
|
1 |
|a RU
|b 63413507
|c 20070531
|g PSBO
|
| 801 |
|
2 |
|a RU
|b 63413507
|c 20140601
|g RCR
|
| 942 |
|
|
|c BK
|